Fuldaer Heilige

Saved in:  
Bibliographic Details
Main Author: Lübeck, Konrad 1873-1952 (Author)
Format: Print Book
Language:German
Subito Delivery Service: Order now.
Check availability: HBZ Gateway
WorldCat: WorldCat
Interlibrary Loan:Interlibrary Loan for the Fachinformationsdienste (Specialized Information Services in Germany)
Published: Fulda Parzeller 1948
In:Year: 1948
Standardized Subjects / Keyword chains:B Fulda / Saint's life

MARC

LEADER 00000cam a22000002c 4500
001 1176004352
003 DE-627
005 20241114015035.0
007 tu
008 030716s1948 xx ||||| 00| ||ger c
016 7 |a 453097510  |2 DE-101 
035 |a (DE-627)1176004352 
035 |a (DE-576)106004352 
035 |a (DE-599)DNB453097510 
035 |a (OCoLC)66044555 
040 |a DE-627  |b ger  |c DE-627  |e rakwb 
041 |a ger 
084 |a 1  |2 ssgn 
100 1 |8 1\p  |0 (DE-588)117290548  |0 (DE-627)078729661  |0 (DE-576)215704789  |4 aut  |a Lübeck, Konrad  |d 1873-1952 
109 |a Lübeck, Konrad 1873-1952 
245 1 0 |a Fuldaer Heilige  |c von Konrad Lübeck 
264 1 |a Fulda  |b Parzeller  |c 1948 
300 |a 239 S. 
336 |a Text  |b txt  |2 rdacontent 
337 |a ohne Hilfsmittel zu benutzen  |b n  |2 rdamedia 
338 |a Band  |b nc  |2 rdacarrier 
583 1 |a Archivierung/Langzeitarchivierung gewährleistet  |f SSG  |x XA-DE-BW  |2 pdager  |5 DE-21 
689 0 0 |d g  |0 (DE-588)4018859-0  |0 (DE-627)106323636  |0 (DE-576)208926933  |2 gnd  |a Fulda 
689 0 1 |d s  |0 (DE-588)4127195-6  |0 (DE-627)105726575  |0 (DE-576)209591609  |2 gnd  |a Heiligenvita 
689 0 |5 (DE-627) 
883 |8 1\p  |a cgwrk  |d 20241001  |q DE-101  |u https://d-nb.info/provenance/plan#cgwrk 
935 |a mteo 
951 |a BO 
ELC |b 1 
ITA |a 1  |t 1 
LOK |0 000 xxxxxcx a22 zn 4500 
LOK |0 001 2658159811 
LOK |0 003 DE-627 
LOK |0 004 1176004352 
LOK |0 005 20101213131133 
LOK |0 008 101213||||||||||||||||ger||||||| 
LOK |0 040   |a DE-21  |c DE-627  |d DE-21 
LOK |0 852   |a DE-21 
LOK |0 852 1  |c Gh 4609 b  |9 00 
LOK |0 935   |a theo  |a dika 
LOK |0 939   |a 13-12-10  |b l01 
ORI |a SA-MARC-ixtheoa001.raw 
STA 0 0 |a Saint's life 
STB 0 0 |a Vie de saint,Texte hagiographique,Texte hagiographique 
STC 0 0 |a Vida de un santo 
STD 0 0 |a Vita dei santi 
STE 0 0 |a 圣徒生命 
STF 0 0 |a 聖徒生命 
STG 0 0 |a Vida de um santo 
STH 0 0 |a Жизнь святых 
STI 0 0 |a Βίος αγίου 
SYG 0 0 |a Stadt Fulda,Fuldae,Fuldense Coenobium,Fuldinsis , Heiligenleben,Vita